Giáo trình kinh tế chất thải

Đại cương về kinh tế học và kinh tế môi trường. Khái quát chung về chất thải và kinh tế chất thải. Những vấn đề cơ bản về kinh tế chất thải. Phương pháp nghiên cứu kinh tế chất thải. Quản lý chất thải; MT021 Kinh tế môi trường...

Disgrifiad llawn

Wedi'i Gadw mewn:
Manylion Llyfryddiaeth
Prif Awdur: Nguyễn, Đình Hương
Fformat: Llyfr
Iaith:Undetermined
Cyhoeddwyd: H. Giáo dục 2007
Pynciau:
Mynediad Ar-lein:http://lrc.tdmu.edu.vn/opac/search/detail.asp?aID=2&ID=7312
Tagiau: Ychwanegu Tag
Dim Tagiau, Byddwch y cyntaf i dagio'r cofnod hwn!
Thư viện lưu trữ: Trung tâm Học liệu Trường Đại học Thủ Dầu Một
LEADER 01071nam a2200205Ia 4500
001 TDMU_7312
008 210410s9999 xx 000 0 und d
082 |a 363.72 
090 |b NG527 
100 |a Nguyễn, Đình Hương 
245 0 |a Giáo trình kinh tế chất thải 
245 0 |c Nguyễn Đình Hương 
260 |a H. 
260 |b Giáo dục 
260 |c 2007 
300 |a 348tr. 
520 |a Đại cương về kinh tế học và kinh tế môi trường. Khái quát chung về chất thải và kinh tế chất thải. Những vấn đề cơ bản về kinh tế chất thải. Phương pháp nghiên cứu kinh tế chất thải. Quản lý chất thải; MT021 Kinh tế môi trường 
650 |a Rác và tiêu hủy  |v Giáo trình; Chất thải (Kinh tế học)  |v Giáo trình; Kinh tế môi trường 
856 |u http://lrc.tdmu.edu.vn/opac/search/detail.asp?aID=2&ID=7312 
980 |a Trung tâm Học liệu Trường Đại học Thủ Dầu Một